[Event "ROM-ch"]
[Site "Eforie Nord"]
[Date "2024.03.02"]
[Round "9"]
[White "Mintau, Andrei Catalin"]
[Black "Costescu, Mihnea Constantin"]
[Result "1/2-1/2"]
[WhiteElo "2039"]
[BlackElo "1944"]
[PlyCount "105"]
[EventDate "2024.02.24"]
[EventType "swiss"]
[EventRounds "9"]
[EventCountry "ROU"]
[SourceTitle "CB10_2024"]
[SourceDate "2024.03.06"]
[SourceVersion "1"]
[SourceVersionDate "2024.03.06"]
[SourceQuality "1"]

1. e4 c5 2. Nf3 d6 3. Nc3 Nf6 4. e5 dxe5 5. Nxe5 e6 6. g3 Bd6 7. Nc4 0-0 8. Bg2 Nc6 9. d3 Re8 10. Bg5 Be7 11. 0-0 Nd5 12. Bxe7 Rxe7 13. Re1 Rb8 14. Qh5 Rd7 15. Ne5 Nxe5 16. Qxe5 Nc7 17. Qxc5 b6 18. Qe3 h6 19. Rad1 Bb7 20. Bxb7 Rxb7 21. d4 b5 22. Ne4 Rd5 23. Nc5 Rb6 24. f4 Rc6 25. Rd3 Na6 26. Nxa6 Rxa6 27. a3 Rc6 28. Qd2 Rcd6 29. c3 a5 30. Rde3 b4 31. Re5 bxc3 32. bxc3 Rb6 33. Qc2 Rxe5 34. Rxe5 Qb8 35. Re1 Rb2 36. Qe4 Qb3 37. f5 exf5 38. Qxf5 g6 39. Qf6 Kh7 40. Rf1 Kg8 41. Qf3 Rd2 42. Qc6 Rd1 43. Rxd1 Qxd1+ 44. Kf2 Qd2+ 45. Kf3 Qd3+ 46. Kf4 Qd2+ 47. Ke5 Qxh2 48. Qf3 Qb2 49. Qa8+ Kg7 50. Qxa5 Qb8+ 51. Ke4 Qb1+ 52. Ke3 Qe1+ 53. Kf3 1/2-1/2

[Event "Cap Aurora FISCA op"]
[Site "Cap Aurora"]
[Date "2022.06.29"]
[Round "9"]
[White "Mintau, Andrei Catalin"]
[Black "Prisacaru, Stefan Emilian"]
[Result "1-0"]
[WhiteElo "2130"]
[BlackElo "1937"]
[PlyCount "77"]
[EventDate "2022.06.22"]
[EventType "swiss"]
[EventRounds "9"]
[EventCountry "ROU"]
[SourceTitle "EXT 2023"]
[Source "ChessBase"]
[SourceDate "2022.10.05"]
[SourceVersion "1"]
[SourceVersionDate "2022.10.05"]
[SourceQuality "1"]

1. e4 g6 2. d4 Bg7 3. Nc3 d6 4. f4 a6 5. Nf3 b5 6. Bd3 Nd7 7. e5 c5 8. Be3 Nh6 9. Be4 Rb8 10. Qe2 0-0 11. Rd1 c4 12. 0-0 f5 13. Bd5+ Kh8 14. Ng5 Nb6 15. Be6 d5 16. Qf3 Bb7 17. h3 b4 18. Ne2 Bc8 19. g4 Qe8 20. Ng3 Qc6 21. gxf5 Nxf5 22. Nxf5 Bxe6 23. Nxe7 Qd7 24. f5 Bxf5 25. Nxf5 Rxf5 26. Qg3 Rbf8 27. e6 Rxf1+ 28. Rxf1 Rxf1+ 29. Kxf1 Qe8 30. Qd6 c3 31. b3 Nc8 32. Qxd5 Qb5+ 33. Qxb5 axb5 34. d5 Bf8 35. Nf7+ Kg8 36. Bf4 Nb6 37. d6 Nd5 38. d7 Be7 39. Bg5 1-0

[Event "Targu Mures op-A"]
[Site "Targu Mures"]
[Date "2022.06.04"]
[Round "1"]
[White "Mintau, Andrei Catalin"]
[Black "Istratescu, Andrei"]
[Result "1/2-1/2"]
[WhiteElo "2130"]
[BlackElo "2452"]
[PlyCount "24"]
[EventDate "2022.06.04"]
[EventType "swiss"]
[EventRounds "9"]
[EventCountry "ROU"]
[SourceTitle "CBM 208 Extra"]
[Source "ChessBase"]
[SourceDate "2022.07.31"]
[SourceVersion "1"]
[SourceVersionDate "2022.07.31"]
[SourceQuality "1"]

1. e4 c5 2. Nf3 Nc6 3. d4 cxd4 4. Nxd4 g6 5. Nc3 Bg7 6. Nde2 Nf6 7. g3 0-0 8. Bg2 d6 9. 0-0 Rb8 10. a4 a6 11. Nd5 Nd7 12. c3 Re8 1/2-1/2

[Event "ROM-ch U18"]
[Site "Eforie Nord"]
[Date "2022.04.17"]
[Round "8"]
[White "Mintau, Andrei Catalin"]
[Black "Antal, Hunor Zoltan"]
[Result "1/2-1/2"]
[WhiteElo "2107"]
[BlackElo "2155"]
[PlyCount "61"]
[EventDate "2022.04.11"]
[EventType "swiss"]
[EventRounds "9"]
[EventCountry "ROU"]
[SourceTitle "EXT 2023"]
[Source "ChessBase"]
[SourceDate "2022.10.05"]
[SourceVersion "1"]
[SourceVersionDate "2022.10.05"]
[SourceQuality "1"]

1. e4 c5 2. Na3 d6 3. c3 Nf6 4. g3 Nc6 5. Bg2 e6 6. Ne2 Be7 7. 0-0 d5 8. exd5 exd5 9. d4 cxd4 10. Nxd4 Bxa3 11. bxa3 0-0 12. Bg5 h6 13. Bxf6 Qxf6 14. Bxd5 Rd8 15. Qb3 Nxd4 16. cxd4 a5 17. Rfe1 Ra6 18. Qb5 Bd7 19. Qc5 Bc6 20. Bxc6 Rxc6 21. Qxa5 Rc2 22. Rf1 Rxd4 23. Qa8+ Kh7 24. Qxb7 Rdd2 25. Qe4+ g6 26. Qe3 Re2 27. Qa7 h5 28. Rae1 Qf3 29. Rxe2 Rxe2 30. Qa4 Rxa2 31. Qd1 1/2-1/2

[Event "ROM-ch"]
[Site "Eforie Nord"]
[Date "2022.02.25"]
[Round "7"]
[White "Magold, Filip"]
[Black "Mintau, Andrei Catalin"]
[Result "1-0"]
[WhiteElo "2204"]
[BlackElo "2029"]
[PlyCount "79"]
[EventDate "2022.02.20"]
[EventType "swiss"]
[EventRounds "9"]
[EventCountry "ROU"]
[SourceTitle "CBM 207 Extra"]
[Source "ChessBase"]
[SourceDate "2022.05.31"]
[SourceVersion "1"]
[SourceVersionDate "2022.05.31"]
[SourceQuality "1"]

1. e4 c5 2. Nf3 g6 3. d4 Bg7 4. Nc3 Qa5 5. a3 Nf6 6. Bd3 Nc6 7. d5 Nd4 8. Nxd4 cxd4 9. b4 Qd8 10. Nb5 a6 11. Nxd4 Nxd5 12. Bb2 Qb6 13. exd5 Bxd4 14. Bxd4 Qxd4 15. 0-0 Qxd5 16. Re1 e6 17. c4 Qd4 18. c5 a5 19. Rxe6+ Kf8 20. Rd6 Qc3 21. Rc1 Qxa3 22. Bc4 Qb2 23. Rc2 Qe5 24. Re2 Qc3 25. Rd3 Qxc4 26. Qa1 Rg8 27. Rde3 Qe6 28. Rxe6 fxe6 29. Qa4 Ke7 30. b5 g5 31. b6 Rf8 32. g3 Rf5 33. Rc2 Kf7 34. f4 g4 35. h3 gxh3 36. g4 Rd5 37. Kh2 Kf8 38. Kxh3 d6 39. cxd6 Rxd6 40. Qa3 1-0

[Event "Tasnad Orasului Cup"]
[Site "Tasnad"]
[Date "2021.09.10"]
[Round "2"]
[White "Mintau, Andrei Catalin"]
[Black "Nedelea, Ariton Vasile"]
[Result "1/2-1/2"]
[WhiteElo "1991"]
[BlackElo "2198"]
[PlyCount "65"]
[EventDate "2021.09.09"]
[EventType "swiss"]
[EventRounds "7"]
[EventCountry "ROU"]
[SourceTitle "CBM 204 Extra"]
[Source "ChessBase"]
[SourceDate "2021.11.30"]
[SourceVersion "1"]
[SourceVersionDate "2021.11.30"]
[SourceQuality "1"]

1. e4 c5 2. Nf3 d6 3. d4 cxd4 4. Nxd4 Nf6 5. Nc3 a6 6. a4 e5 7. Nf3 h6 8. Bc4 Be7 9. 0-0 0-0 10. Be3 Be6 11. Bb3 Nbd7 12. Qe2 Qc7 13. Rfd1 Rac8 14. Nd2 Nc5 15. a5 Nxb3 16. cxb3 Rfe8 17. Bb6 Qc6 18. Rac1 Nd7 19. Na2 Qb5 20. Qxb5 axb5 21. Nc3 Nxb6 22. axb6 Bg5 23. Rb1 Rc6 24. Nxb5 Rxb6 25. Nc7 Rd8 26. Nxe6 fxe6 27. Nc4 Rc6 28. Rd3 b5 29. Na5 Rc7 30. Rbd1 d5 31. h4 Bxh4 32. g3 Be7 33. exd5 1/2-1/2

[Event "Arad op-A 14th"]
[Site "Arad"]
[Date "2021.08.01"]
[Round "4"]
[White "Weinzettl, Ernst"]
[Black "Mintau, Andrei Catalin"]
[Result "1/2-1/2"]
[WhiteElo "2144"]
[BlackElo "2016"]
[PlyCount "74"]
[EventDate "2021.07.30"]
[EventType "swiss"]
[EventRounds "9"]
[EventCountry "ROU"]
[SourceTitle "CBM 203 Extra"]
[Source "ChessBase"]
[SourceDate "2021.09.30"]
[SourceVersion "1"]
[SourceVersionDate "2021.09.30"]
[SourceQuality "1"]

1. d3 c5 2. Nf3 Nf6 3. g3 b6 4. Bg2 Bb7 5. 0-0 e6 6. e4 d6 7. Re1 Be7 8. Nbd2 0-0 9. a4 Qc7 10. c3 Nbd7 11. Nc4 a6 12. Bf4 b5 13. axb5 axb5 14. Rxa8 Rxa8 15. Na3 Bc6 16. Nc2 Qb7 17. b4 e5 18. Bd2 c4 19. dxc4 bxc4 20. Nh4 Bxe4 21. Rxe4 Nxe4 22. Nf5 Bf8 23. Nh6+ gxh6 24. Qg4+ Kh8 25. Bxe4 d5 26. Bf5 Nf6 27. Qh4 Qe7 28. Bxh6 Bxh6 29. Qxh6 Rg8 30. Ne3 Rg7 31. Bc2 Ng8 32. Qxg7+ Kxg7 33. Nf5+ Kf6 34. Nxe7 Nxe7 35. f4 d4 36. fxe5+ Kxe5 37. cxd4+ Kxd4 1/2-1/2

[Event "Arad op-A 14th"]
[Site "Arad"]
[Date "2021.07.31"]
[Round "3"]
[White "Mintau, Andrei Catalin"]
[Black "Padurariu, Mihai Edward"]
[Result "1/2-1/2"]
[WhiteElo "2016"]
[BlackElo "2186"]
[PlyCount "43"]
[EventDate "2021.07.30"]
[EventType "swiss"]
[EventRounds "9"]
[EventCountry "ROU"]
[SourceTitle "CBM 203 Extra"]
[Source "ChessBase"]
[SourceDate "2021.09.30"]
[SourceVersion "1"]
[SourceVersionDate "2021.09.30"]
[SourceQuality "1"]

1. e4 e6 2. d4 d5 3. Nd2 c5 4. exd5 Qxd5 5. Ngf3 cxd4 6. Bc4 Qd7 7. 0-0 Nc6 8. Nb3 Nf6 9. Qe2 a6 10. a4 Bd6 11. Rd1 0-0 12. Nbxd4 e5 13. Nxc6 Qxc6 14. Bg5 Bc7 15. Bxf6 Qxf6 16. Bd5 Rb8 17. h3 Bf5 18. Be4 Be6 19. Bd5 Bf5 20. Be4 Qe7 21. Bd5 Be6 22. Bxe6 1/2-1/2

[Event "Jupiter FISCA op"]
[Site "Jupiter"]
[Date "2021.06.30"]
[Round "8"]
[White "Cnejev, Vladimir Alexandru"]
[Black "Mintau, Andrei Catalin"]
[Result "1-0"]
[WhiteElo "2161"]
[BlackElo "2016"]
[PlyCount "65"]
[EventDate "2021.06.23"]
[EventType "swiss"]
[EventRounds "9"]
[EventCountry "ROU"]
[SourceTitle "EXT 2022"]
[Source "ChessBase"]
[SourceDate "2021.10.06"]
[SourceVersion "1"]
[SourceVersionDate "2021.10.06"]
[SourceQuality "1"]

1. e4 c5 2. Nf3 g6 3. c3 Bg7 4. d4 cxd4 5. cxd4 d5 6. e5 Bg4 7. Bb5+ Nc6 8. Bxc6+ bxc6 9. 0-0 Nh6 10. Nbd2 0-0 11. h3 Bxf3 12. Nxf3 Qb6 13. b3 f6 14. Ba3 Rfe8 15. Re1 Qc7 16. Rc1 Nf7 17. exf6 Bxf6 18. Re6 Nd8 19. Re3 Nf7 20. Qe2 e5 21. dxe5 Nxe5 22. Kh1 Kg7 23. g3 Nxf3 24. Qxf3 Rxe3 25. Qxe3 Qd7 26. Kg2 d4 27. Qf3 Rc8 28. Bb2 c5 29. Rc2 Qc6 30. Ba3 Qd6 31. Qb7+ Rc7 32. Bxc5 Qe5 33. Qxc7+ 1-0

[Event "Jupiter FISCA op"]
[Site "Jupiter"]
[Date "2021.06.25"]
[Round "3"]
[White "Mintau, Andrei Catalin"]
[Black "Secrieru, Andrei Cristian"]
[Result "1/2-1/2"]
[WhiteElo "2016"]
[BlackElo "1917"]
[PlyCount "87"]
[EventDate "2021.06.23"]
[EventType "swiss"]
[EventRounds "9"]
[EventCountry "ROU"]
[SourceTitle "EXT 2022"]
[Source "ChessBase"]
[SourceDate "2021.10.06"]
[SourceVersion "1"]
[SourceVersionDate "2021.10.06"]
[SourceQuality "1"]

1. e4 g6 2. d4 Bg7 3. Nc3 d6 4. f4 Nd7 5. Nf3 c5 6. Be3 cxd4 7. Nxd4 Ngf6 8. Be2 0-0 9. 0-0 a6 10. a4 Qc7 11. Nb3 b6 12. Bf3 Bb7 13. g4 Nc5 14. a5 b5 15. Nxc5 dxc5 16. g5 Rad8 17. Qe2 Nd7 18. e5 b4 19. Ne4 Rfe8 20. Qc4 Rf8 21. c3 Rc8 22. cxb4 Bxe5 23. bxc5 Bg7 24. b4 Bxa1 25. Rxa1 Bxe4 26. Qxe4 e5 27. f5 f6 28. fxg6 fxg5 29. Bg4 Rcd8 30. c6 Nf6 31. Qc4+ Kh8 32. Bb6 Qd6 33. Bxd8 Nxg4 34. c7 e4 35. Qc3+ Kg8 36. gxh7+ Kxh7 37. Qh3+ Kg6 38. Rf1 Rxf1+ 39. Kxf1 Qd1+ 40. Kg2 Qe2+ 41. Kg1 Qf2+ 42. Kh1 Qe1+ 43. Kg2 Qd2+ 44. Kg1 1/2-1/2

[Event "ROM-ch U18"]
[Site "Mamaia"]
[Date "2021.04.11"]
[Round "7"]
[White "Cazan, Andrei"]
[Black "Mintau, Andrei Catalin"]
[Result "0-1"]
[WhiteElo "1607"]
[BlackElo "2002"]
[PlyCount "78"]
[EventDate "2021.04.07"]
[EventType "swiss"]
[EventRounds "9"]
[EventCountry "ROU"]
[SourceTitle "EXT 2022"]
[Source "ChessBase"]
[SourceDate "2021.10.06"]
[SourceVersion "1"]
[SourceVersionDate "2021.10.06"]
[SourceQuality "1"]

1. g3 c5 2. Bg2 g6 3. e4 Bg7 4. Ne2 Nc6 5. 0-0 e6 6. d3 Nge7 7. c3 0-0 8. Be3 d6 9. Qc1 Re8 10. Nd2 Rb8 11. Nf3 b5 12. Bh6 Bh8 13. h4 Qb6 14. h5 d5 15. hxg6 hxg6 16. Qg5 b4 17. Nf4 dxe4 18. dxe4 e5 19. Nh3 Nd8 20. Qh4 f6 21. g4 Qe6 22. g5 f5 23. Rfd1 Nf7 24. Bf1 fxe4 25. Nd2 Nf5 26. Qxe4 N7d6 27. Qg4 Qf7 28. Qe2 bxc3 29. bxc3 Rb2 30. Rdb1 Ba6 31. Qd1 Rxb1 32. Rxb1 Bxf1 33. Nxf1 e4 34. Qb3 c4 35. Qa3 Be5 36. Ne3 Nxe3 37. fxe3 Qf3 38. Nf2 Nf5 39. Qa4 Bh2+ 0-1

[Event "FISCA Online op"]
[Site "Chess.com INT"]
[Date "2020.06.28"]
[Round "9"]
[White "Basil, Shareef"]
[Black "Mintau, Andrei Catalin"]
[Result "0-1"]
[WhiteElo "1571"]
[BlackElo "1977"]
[PlyCount "86"]
[EventDate "2020.06.19"]
[EventType "swiss"]
[EventRounds "9"]
[EventCountry "ROU"]
[SourceTitle "CBM 197 Extra"]
[Source "ChessBase"]
[SourceDate "2020.09.30"]
[SourceVersion "1"]
[SourceVersionDate "2020.09.30"]
[SourceQuality "1"]

1. e4 d5 2. exd5 Nf6 3. d4 Bg4 4. Nf3 Qxd5 5. Be2 Nc6 6. h3 Bxf3 7. Bxf3 Qd7 8. 0-0 0-0-0 9. c3 e5 10. Bg5 Kb8 11. d5 Ne7 12. c4 h6 13. Be3 e4 14. Be2 Nf5 15. Na3 Nxe3 16. fxe3 Bc5 17. Nc2 Qd6 18. b4 Bxb4 19. Nxb4 Qxb4 20. Qd4 c6 21. Rab1 Qd6 22. c5 Qxd5 23. Qb4 Rd7 24. Ba6 Qxa2 25. Rxf6 Qxa6 26. Rd6 Rhd8 27. Qxe4 Rxd6 28. cxd6 b5 29. Qe7 Qc8 30. Ra1 Qd7 31. Rd1 Kb7 32. Qe5 Qe6 33. Qc5 a5 34. Kh1 f6 35. Qa3 a4 36. Qb4 Qc4 37. Qe1 Rd7 38. e4 Qc5 39. Qg3 a3 40. Qg4 Kc8 41. Qe6 Qe5 42. Qg8+ Kb7 43. Rd3 Rxd6 0-1

[Event "FISCA Online op"]
[Site "Chess.com INT"]
[Date "2020.06.26"]
[Round "7"]
[White "Shirodkar, Aayush"]
[Black "Mintau, Andrei Catalin"]
[Result "0-1"]
[WhiteElo "1563"]
[BlackElo "1977"]
[PlyCount "110"]
[EventDate "2020.06.19"]
[EventType "swiss"]
[EventRounds "9"]
[EventCountry "ROU"]
[SourceTitle "CBM 197 Extra"]
[Source "ChessBase"]
[SourceDate "2020.09.30"]
[SourceVersion "1"]
[SourceVersionDate "2020.09.30"]
[SourceQuality "1"]

1. e4 c5 2. d4 cxd4 3. c3 g6 4. cxd4 d5 5. e5 Bg7 6. Nf3 Nc6 7. Nc3 Bg4 8. Be2 Nh6 9. h3 Bxf3 10. Bxf3 e6 11. 0-0 0-0 12. Be3 Nf5 13. Qd2 Qh4 14. Nb5 Nxe3 15. fxe3 Qg5 16. Nd6 Nxd4 17. Qxd4 Bxe5 18. Qc5 b6 19. Qa3 a6 20. Nc4 dxc4 21. Bxa8 Rxa8 22. Rad1 c3 23. e4 Qe3+ 24. Kh1 Qg3 25. Kg1 Qh2+ 26. Kf2 Bg3+ 27. Ke3 c2 28. Rc1 Qxg2 29. Qe7 Rf8 30. h4 e5 31. Kd3 Bf4 32. Rxf4 exf4 33. Rxc2 Qf3+ 34. Kd4 Qe3+ 35. Ke5 f3 36. Rc3 Qe2 37. Kf6 Qxb2 38. Qe5 f2 39. Rf3 Qe2 40. Qf4 Qxa2 41. Kg5 Qe6 42. Rxf2 f6+ 43. Kh6 Qf7 44. Qxf6 Qxf6 45. Rxf6 Rxf6 46. Kg5 Re6 47. h5 a5 48. hxg6 hxg6 49. Kh6 a4 50. Kg5 a3 51. e5 a2 52. Kh6 a1Q 53. Kg5 Rxe5+ 54. Kh6 Qc1+ 55. Kxg6 Qg5# 0-1

[Event "Romania blitz online op final"]
[Site "Chess.com INT"]
[Date "2020.05.06"]
[Round "4"]
[White "Mintau, Andrei Catalin"]
[Black "Botea, David Alexandru"]
[Result "1-0"]
[WhiteElo "1977"]
[BlackElo "1900"]
[PlyCount "49"]
[EventDate "2020.05.06"]
[EventType "swiss (blitz)"]
[EventRounds "9"]
[EventCountry "ROU"]
[SourceTitle "CBM 196 Extra"]
[Source "ChessBase"]
[SourceDate "2020.07.31"]
[SourceVersion "1"]
[SourceVersionDate "2020.07.31"]
[SourceQuality "1"]

1. e4 e5 2. Nf3 Nc6 3. d4 exd4 4. Nxd4 Nf6 5. Nxc6 bxc6 6. Qe2 Bb4+ 7. c3 Bc5 8. e5 Nd5 9. c4 Nb6 10. Qg4 Bf8 11. Bg5 Be7 12. Bxe7 Qxe7 13. Qxg7 Rf8 14. Be2 Qb4+ 15. Nd2 Qxb2 16. Rb1 Qc3 17. Qg5 Ba6 18. 0-0 f6 19. Qh5+ Kd8 20. Ne4 Qxe5 21. Qxh7 f5 22. Ng3 Bxc4 23. Bxc4 Nxc4 24. Qh4+ Qf6 25. Qxc4 1-0

[Event "Romania blitz online op final"]
[Site "Chess.com INT"]
[Date "2020.05.06"]
[Round "8"]
[White "Mintau, Andrei Catalin"]
[Black "Vilcu, Matei Stefan"]
[Result "1-0"]
[WhiteElo "1977"]
[BlackElo "2049"]
[PlyCount "45"]
[EventDate "2020.05.06"]
[EventType "swiss (blitz)"]
[EventRounds "9"]
[EventCountry "ROU"]
[SourceTitle "CBM 196 Extra"]
[Source "ChessBase"]
[SourceDate "2020.07.31"]
[SourceVersion "1"]
[SourceVersionDate "2020.07.31"]
[SourceQuality "1"]

1. e4 e5 2. Nf3 Nc6 3. d4 exd4 4. Nxd4 Nf6 5. Nxc6 bxc6 6. Qe2 d5 7. exd5+ Be7 8. dxc6 0-0 9. Be3 Nd5 10. Nd2 Bf6 11. 0-0-0 Rb8 12. Nb3 Bf5 13. Qf3 Bxb2+ 14. Kxb2 Qf6+ 15. Bd4 Qg6 16. Bd3 Bxd3 17. Qxd3 Qxc6 18. Bxa7 Nb4 19. Qc3 Qa6 20. Bxb8 Qxa2+ 21. Kc1 Qa3+ 22. Qb2 Na2+ 23. Kb1 1-0

[Event "Bicaz City Cup"]
[Site "Bicaz"]
[Date "2020.03.08"]
[Round "6"]
[White "Mintau, Andrei Catalin"]
[Black "Morariu, Daniel"]
[Result "1/2-1/2"]
[WhiteElo "1984"]
[BlackElo "1744"]
[PlyCount "88"]
[EventDate "2020.03.05"]
[EventType "swiss"]
[EventRounds "7"]
[EventCountry "ROU"]
[SourceTitle "CBM 195 Extra"]
[Source "ChessBase"]
[SourceDate "2020.05.31"]
[SourceVersion "1"]
[SourceVersionDate "2020.05.31"]
[SourceQuality "1"]

1. e4 c5 2. Nf3 e6 3. d4 cxd4 4. Nxd4 a6 5. Nc3 Qc7 6. g3 Nf6 7. Bg2 d6 8. 0-0 Be7 9. a4 Nc6 10. Kh1 0-0 11. f4 Re8 12. Nb3 Bf8 13. g4 Nd7 14. Nd4 Nxd4 15. Qxd4 b6 16. f5 Bb7 17. Qf2 Rac8 18. g5 exf5 19. exf5 Bxg2+ 20. Qxg2 Qc4 21. Bd2 d5 22. Rac1 d4 23. b3 Qc6 24. Nd5 g6 25. f6 Kh8 26. c4 Nc5 27. Qf3 a5 28. Bf4 Ne6 29. Rce1 Bd6 30. Bxd6 Qxd6 31. Ne7 Rc5 32. h4 d3 33. Rd1 Qd4 34. Qg3 Rd8 35. Nd5 Rcxd5 36. cxd5 Qxd5+ 37. Qf3 Qxb3 38. Qe4 d2 39. Kg2 h5 40. Rb1 Qc3 41. Rf3 Qc1 42. Rf1 Qc3 43. Rf3 Qc1 44. Rf1 Qc5 1/2-1/2

[Event "Bicaz City Cup"]
[Site "Bicaz"]
[Date "2020.03.07"]
[Round "5"]
[White "Andronescu, Madalin"]
[Black "Mintau, Andrei Catalin"]
[Result "1-0"]
[WhiteElo "2148"]
[BlackElo "1984"]
[PlyCount "67"]
[EventDate "2020.03.05"]
[EventType "swiss"]
[EventRounds "7"]
[EventCountry "ROU"]
[SourceTitle "CBM 195 Extra"]
[Source "ChessBase"]
[SourceDate "2020.05.31"]
[SourceVersion "1"]
[SourceVersionDate "2020.05.31"]
[SourceQuality "1"]

1. e4 d5 2. exd5 Qxd5 3. Nc3 Qa5 4. Bc4 Nf6 5. d4 Bg4 6. f3 Bf5 7. g4 Bg6 8. h4 h5 9. g5 Nfd7 10. Bd2 c6 11. Qe2 Qc7 12. 0-0-0 Nb6 13. Bb3 Bf5 14. g6 Bxg6 15. Nh3 Qd7 16. d5 Nxd5 17. Nxd5 cxd5 18. Nf4 Nc6 19. Nxg6 Nd4 20. Qd3 Nxb3+ 21. axb3 fxg6 22. Qxg6+ Kd8 23. Bg5 Rc8 24. Rhe1 Rc6 25. Qf7 Rd6 26. Re5 d4 27. Rc5 b6 28. Rc4 Rd5 29. Qf4 Ke8 30. Rcxd4 Rxd4 31. Rxd4 Qb7 32. Qf5 Qc6 33. Rc4 Qd7 34. Rc8+ 1-0

[Event "ROM-chT div-A"]
[Site "Mamaia"]
[Date "2019.09.24"]
[Round "4.5"]
[White "Mintau, Andrei Catalin"]
[Black "Zogorean, Petru"]
[Result "1-0"]
[WhiteElo "2058"]
[BlackElo "1828"]
[PlyCount "63"]
[EventDate "2019.09.21"]
[EventType "team-tourn"]
[EventRounds "9"]
[EventCountry "ROU"]
[SourceTitle "EXT 2020"]
[Source "ChessBase"]
[SourceDate "2019.10.17"]
[SourceVersion "1"]
[SourceVersionDate "2019.10.17"]
[SourceQuality "1"]
[WhiteTeam "Ploiesti Universitar"]
[BlackTeam "Bistrita"]
[WhiteTeamCountry "ROU"]
[BlackTeamCountry "ROU"]

1. e4 e5 2. Nf3 Nc6 3. d4 exd4 4. Nxd4 Bc5 5. Nxc6 Qf6 6. Qf3 Qxc6 7. Nc3 Qf6 8. Nd5 Qxf3 9. gxf3 Bb6 10. Rg1 g6 11. Bf4 d6 12. e5 Be6 13. Nxb6 axb6 14. exd6 c6 15. a3 h5 16. Be5 Rh7 17. 0-0-0 Nh6 18. Bf6 Kd7 19. Bd3 b5 20. Rge1 Nf5 21. h4 Nxd6 22. Be5 Bd5 23. Be4 Rd8 24. Bxd5 cxd5 25. Rxd5 Kc6 26. Red1 f6 27. Rxd6+ Rxd6 28. Bxd6 Rd7 29. Bb4 g5 30. hxg5 fxg5 31. Rxd7 Kxd7 32. Bd2 1-0

[Event "ROM-chT div-A"]
[Site "Mamaia"]
[Date "2019.09.23"]
[Round "3.1"]
[White "Mintau, Andrei Catalin"]
[Black "Neagu, Liviu"]
[Result "1-0"]
[WhiteElo "2058"]
[BlackElo "2054"]
[PlyCount "97"]
[EventDate "2019.09.21"]
[EventType "team-tourn"]
[EventRounds "9"]
[EventCountry "ROU"]
[SourceTitle "EXT 2020"]
[Source "ChessBase"]
[SourceDate "2019.10.17"]
[SourceVersion "1"]
[SourceVersionDate "2019.10.17"]
[SourceQuality "1"]
[WhiteTeam "Ploiesti Universitar"]
[BlackTeam "Targoviste University"]
[WhiteTeamCountry "ROU"]
[BlackTeamCountry "ROU"]

1. e4 c5 2. Nf3 Nc6 3. d4 cxd4 4. Nxd4 g6 5. Nc3 Bg7 6. Nde2 Nf6 7. g3 d6 8. Bg2 Bd7 9. 0-0 0-0 10. a4 Rc8 11. h3 Na5 12. Rb1 b6 13. b3 Bc6 14. Bb2 a6 15. Nd4 Bb7 16. Qd3 Qc7 17. Nd5 Nxd5 18. exd5 Rfe8 19. Rfe1 Ra8 20. c4 Bc8 21. Re2 Nb7 22. Rbe1 Nc5 23. Qc2 a5 24. Re3 Rb8 25. Nc6 e5 26. dxe6 Bxe6 27. Bxg7 Kxg7 28. Nxb8 Rxb8 29. Bd5 Rf8 30. g4 Qd8 31. Qd2 Qh4 32. Rg3 Rd8 33. g5 Kg8 34. Qe3 Re8 35. Rg4 Qh5 36. Qg3 h6 37. f4 Bd7 38. Rh4 Rxe1+ 39. Qxe1 Nd3 40. Rxh5 Nxe1 41. Rxh6 Kg7 42. Be4 f5 43. Kf2 fxe4 44. Kxe1 Be6 45. h4 d5 46. h5 Bf7 47. cxd5 Bxd5 48. Rxg6+ Kf7 49. Rxb6 1-0

[Event "Satu Mare Szabo Memorial"]
[Site "Satu Mare"]
[Date "2019.08.07"]
[Round "8"]
[White "Mintau, Andrei Catalin"]
[Black "Florescu, Codrut Constantin"]
[Result "0-1"]
[WhiteElo "2030"]
[BlackElo "2314"]
[PlyCount "72"]
[EventDate "2019.08.02"]
[EventType "swiss"]
[EventRounds "9"]
[EventCountry "ROU"]
[SourceTitle "CBM 191 Extra"]
[Source "ChessBase"]
[SourceDate "2019.09.30"]
[SourceVersion "1"]
[SourceVersionDate "2019.09.30"]
[SourceQuality "1"]

1. e4 c5 2. Nf3 e6 3. d4 cxd4 4. Nxd4 Nf6 5. Nc3 d6 6. g3 a6 7. Bg2 Be7 8. 0-0 0-0 9. f4 Qc7 10. g4 Nc6 11. Nxc6 bxc6 12. g5 Nd7 13. f5 Re8 14. f6 Bf8 15. Ne2 Ne5 16. Ng3 g6 17. h4 a5 18. h5 Ba6 19. Rf4 d5 20. Rh4 Nd3 21. cxd3 Qxg3 22. Rh3 Qc7 23. Qg4 e5 24. Rf3 dxe4 25. Qxe4 Rad8 26. hxg6 Rd4 27. gxh7+ Kh8 28. Qe3 Rxd3 29. Qe4 Rd1+ 30. Kf2 Rd4 31. Qf5 Qb6 32. Kg3 Bc8 33. Qc2 Bd6 34. Bf4 exf4+ 35. Kh4 Qc5 36. Qb3 Qf5 0-1

[Event "Satu Mare Szabo Memorial"]
[Site "Satu Mare"]
[Date "2019.08.05"]
[Round "5"]
[White "Orban, Vasile Gheorghe"]
[Black "Mintau, Andrei Catalin"]
[Result "0-1"]
[WhiteElo "1841"]
[BlackElo "2030"]
[PlyCount "118"]
[EventDate "2019.08.02"]
[EventType "swiss"]
[EventRounds "9"]
[EventCountry "ROU"]
[SourceTitle "CBM 191 Extra"]
[Source "ChessBase"]
[SourceDate "2019.09.30"]
[SourceVersion "1"]
[SourceVersionDate "2019.09.30"]
[SourceQuality "1"]

1. d4 Nf6 2. Nf3 c5 3. d5 b5 4. Bg5 d6 5. Bxf6 exf6 6. e4 Qb6 7. a4 b4 8. c3 a6 9. a5 Qb7 10. Qc2 Be7 11. Bd3 Bg4 12. Nbd2 Nd7 13. h3 Bh5 14. g4 Bg6 15. Nc4 h5 16. gxh5 Bxh5 17. Nfd2 Rb8 18. Qa4 0-0 19. Qc6 Qb5 20. Qxb5 axb5 21. Ne3 bxc3 22. bxc3 c4 23. Be2 Bg6 24. Nc2 Nc5 25. f3 f5 26. exf5 Bxf5 27. Nd4 Bd7 28. f4 Rfe8 29. Kd1 Bf6 30. Bg4 Bxg4+ 31. hxg4 Bxd4 32. cxd4 Nd3 33. Rf1 Nb4 34. Re1 Nxd5 35. a6 Rxe1+ 36. Kxe1 Nb4 37. Kd1 Ra8 38. Ne4 d5 39. Nd6 Rxa6 40. Rxa6 Nxa6 41. Nxb5 f6 42. Kc2 Kf7 43. Kb2 Ke7 44. Ka3 Kd7 45. Nc3 Kc6 46. Na4 Nc7 47. Nc5 Nb5+ 48. Kb4 Nxd4 49. Na4 g6 50. Nc3 Nc2+ 51. Ka4 Ne3 52. g5 fxg5 53. fxg5 d4 54. Nb1 Kc5 55. Ka3 Nd1 56. Ka2 Kb4 57. Nd2 c3 58. Nb3 c2 59. Nc1 Kc3 0-1